Редкоземельные элементы в геологических образованиях Калгутинского месторождения (Рудный Алтай); Известия Томского политехнического университета [Известия ТПУ]; Т. 305, вып. 6 : Геология, поиски и разведка полезных ископаемых Сибири
| Parent link: | Известия Томского политехнического университета [Известия ТПУ]/ Томский политехнический университет (ТПУ).— , 2000- Т. 305, вып. 6 : Геология, поиски и разведка полезных ископаемых Сибири.— 2002.— [С. 229-246] |
|---|---|
| Hlavní autor: | |
| Další autoři: | , |
| Shrnutí: | Заглавие с титульного листа Электронная версия печатной публикации Изучен характер распределения РЗЭ в различных геологических образованиях (граниты, апограниты, околожильные грейзены, жилы, Мошток) и минералах (кварц, полевой шпат, мусковит, вольфрамит, молибденит, пирит, халькопирит) гранитов, жил и грейзенов месторождения. Установлена значительная дифференциация РЗЭ в геологических образованиях месторождения, связанная как с составом исходных пород, так и с проявлением гидротермально-метасоматических процессов. Выявлена вертикальная зональность и взаимная обусловленность изменения содержаний РЗЭ в рудных жилах и околожильных грейзенах. Показана типичность распределения РЗЭ в геологических образованиях, основных породообразующих минералах и вольфрамите. Сделан вывод о ведущей роли в формировании месторождения гомогенного источника рудообразующих флюидов, на фоне эволюции кислотно-щелочных свойств растворов. |
| Jazyk: | ruština |
| Vydáno: |
2002
|
| Edice: | Полезные ископаемые, методы их поиска и разведки |
| Témata: | |
| On-line přístup: | http://www.lib.tpu.ru/fulltext/v/Bulletin_TPU/2002/v305/i6/19.pdf |
| Médium: | MixedMaterials Elektronický zdroj Kapitola |
| KOHA link: | https://koha.lib.tpu.ru/cgi-bin/koha/opac-detail.pl?biblionumber=166023 |
MARC
| LEADER | 00000nla2a2200000 4500 | ||
|---|---|---|---|
| 001 | 166023 | ||
| 005 | 20231031162105.0 | ||
| 035 | |a (RuTPU)RU\TPU\book\180093 | ||
| 035 | |a RU\TPU\book\180039 | ||
| 090 | |a 166023 | ||
| 100 | |a 20090924d2002 k y0rusy50 ca | ||
| 101 | 0 | |a rus | |
| 102 | |a RU | ||
| 135 | |a drnn ---uucaa | ||
| 181 | 0 | |a i | |
| 182 | 0 | |a b | |
| 200 | 1 | |a Редкоземельные элементы в геологических образованиях Калгутинского месторождения (Рудный Алтай) |b Электронный ресурс |f А. А. Поцелуев, В. И. Котегов, Д. И. Бабкин | |
| 203 | |a Текст |c электронный | ||
| 215 | |a 1 файл (13.9 Мб) | ||
| 225 | 1 | |a Полезные ископаемые, методы их поиска и разведки | |
| 230 | |a Электронные текстовые данные (1 файл : 13.9 Мб) | ||
| 300 | |a Заглавие с титульного листа | ||
| 300 | |a Электронная версия печатной публикации | ||
| 320 | |a [Библиогр.: с. 245-246 (19 назв.)] | ||
| 330 | |a Изучен характер распределения РЗЭ в различных геологических образованиях (граниты, апограниты, околожильные грейзены, жилы, Мошток) и минералах (кварц, полевой шпат, мусковит, вольфрамит, молибденит, пирит, халькопирит) гранитов, жил и грейзенов месторождения. Установлена значительная дифференциация РЗЭ в геологических образованиях месторождения, связанная как с составом исходных пород, так и с проявлением гидротермально-метасоматических процессов. Выявлена вертикальная зональность и взаимная обусловленность изменения содержаний РЗЭ в рудных жилах и околожильных грейзенах. Показана типичность распределения РЗЭ в геологических образованиях, основных породообразующих минералах и вольфрамите. Сделан вывод о ведущей роли в формировании месторождения гомогенного источника рудообразующих флюидов, на фоне эволюции кислотно-щелочных свойств растворов. | ||
| 337 | |a Adobe Reader | ||
| 461 | 1 | |0 (RuTPU)RU\TPU\book\176237 |t Известия Томского политехнического университета [Известия ТПУ] |f Томский политехнический университет (ТПУ) |d 2000- | |
| 463 | 1 | |0 (RuTPU)RU\TPU\book\180006 |t Т. 305, вып. 6 : Геология, поиски и разведка полезных ископаемых Сибири |o тематический выпуск |v [С. 229-246] |d 2002 |p 446 с. | |
| 610 | 1 | |a труды учёных ТПУ | |
| 610 | 1 | |a электронный ресурс | |
| 610 | 1 | |a редкоземельные элементы | |
| 610 | 1 | |a геологические образования | |
| 610 | 1 | |a Калгутинское месторождение | |
| 610 | 1 | |a Рудный Алтай | |
| 610 | 1 | |a минералы | |
| 610 | 1 | |a исходные породы | |
| 610 | 1 | |a гидротермально-метасоматические процессы | |
| 610 | 1 | |a вертикальная зональность | |
| 610 | 1 | |a рудные жилы | |
| 610 | 1 | |a околожильные грейзены | |
| 610 | 1 | |a вольфрамиты | |
| 610 | 1 | |a рудообразующие флюиды | |
| 610 | 1 | |a граниты | |
| 610 | 1 | |a апограниты | |
| 610 | 1 | |a кварц | |
| 610 | 1 | |a полевой шпат | |
| 610 | 1 | |a мусковит | |
| 610 | 1 | |a молибдениты | |
| 610 | 1 | |a пириты | |
| 610 | 1 | |a халькопирит | |
| 700 | 1 | |a Поцелуев |b А. А. |c геолог |c профессор Томского политехнического университета, доктор геолого-минералогических наук |f 1952- |g Анатолий Алексеевич |2 stltpush |3 (RuTPU)RU\TPU\pers\26071 | |
| 701 | 1 | |a Котегов |b В. И. | |
| 701 | 1 | |a Бабкин |b Д. И. |c геолог |c научный сотрудник Томского политехнического университета, кандидат геолого-минералогических наук |f 1981- |g Дмитрий Иванович |2 stltpush |3 (RuTPU)RU\TPU\pers\28759 | |
| 801 | 1 | |a RU |b 63413507 |c 20090623 |g PSBO | |
| 801 | 2 | |a RU |b 63413507 |c 20210419 |g PSBO | |
| 856 | 4 | |u http://www.lib.tpu.ru/fulltext/v/Bulletin_TPU/2002/v305/i6/19.pdf | |
| 942 | |c CF | ||